000 00577nam a2200217 i 4500
001 bgj
245 1 0 _aMarxistische Literaturkritik
_nBd. 7 /
_chrsg. und eingeleitet Viktor Zmegac.
260 _aBad Homburg :
_bAthenäum Verlag,
_c1970.
300 _a441 s. ;
_c21 cm.
490 1 _aArs poetica
_pTexte
_vBd. 7
504 _aBibliogr. s. 438-441.
650 9 _aLiteratura
700 1 _aZMEGAC, Viktor.
830 _aArs poetica
_pTexte
040 _cBPK
041 0 _ager
044 _aDEU
080 _a82
942 _cKS
008 s gw f |000 0 ger
999 _c50939
_d50939
856 _uhttp://koha.tu.koszalin.pl/cgi-bin/koha/opac-detail.pl?biblionumber=50939
_yKatalog online BPK